| 000 | 00852nam a2200253 a 4500 | ||
|---|---|---|---|
| 001 | 65458 | ||
| 003 | BD-RjUL | ||
| 005 | 20211209081428.0 | ||
| 008 | 170306r19851977ii abf b 001 0 eng | ||
| 035 | _a(BD-RjUL)65588 | ||
| 040 |
_aDLC _cDLC _dBD-RjUL _beng |
||
| 041 | _aeng | ||
| 082 | 0 | 0 |
_a953.804 _223 _bIQE 1985 |
| 100 | 1 |
_aIqbal, Sheikh Mohammad, _d1928- _9193718 |
|
| 245 | 1 | 0 |
_aEmergence of Saudi Arabia : _ba political study of King Abd al-Aziz ibn Saud, 1901-1953 / _cSheikh Mohammad Iqbal. |
| 250 | _a1st ed. | ||
| 260 |
_aDelhi : _bavailable at Idarah-i Adabiyat-i Delli, _c1977 [ reprinted 1985]. |
||
| 300 |
_axix, 276 p. : _bill. ; _c22 cm. |
||
| 500 | _aIncludes index. | ||
| 600 | 0 | 0 |
_aIbn Saʻūd, _cKing of Saudi Arabia, _d1880-1953 _9193803 |
| 651 | 0 |
_aSaudi Arabia _xHistory. _9190762 |
|
| 942 |
_2ddc _cBK |
||
| 999 |
_c65458 _d65458 |
||